000 00511nam a2200181Ia 4500
005 20250508150328.0
008 008 250505s9999 xx 000 0 eng d
037 _aTextual
040 _aFEDL
_beng
_cFEDL
041 _aeng
_2eng
084 _a379.173, BUR
_qFEDL
100 _aBurton H M
245 0 _aEducation of the countryman
260 _aLondon, UK
_bKegan Paul, Trench, Trubner and Co Ltd
_c1943
300 _axi,250p.
942 _cTEXL
_h379.173, BUR
999 _c1323022
_d1323022